[Event "Berks & Bucks Reserves op"]
[Site "Maidenhead"]
[Date "2022.08.27"]
[Round "2"]
[White "Gill, Gursharanjit S"]
[Black "Hordnes, Niclas"]
[Result "1-0"]
[WhiteElo "1648"]
[BlackElo "1520"]
[PlyCount "73"]
[EventDate "2022.08.27"]
[EventType "swiss"]
[EventRounds "6"]
[EventCountry "ENG"]
[SourceTitle "EXT 2023"]
[Source "ChessBase"]
[SourceDate "2022.10.05"]
[SourceVersion "1"]
[SourceVersionDate "2022.10.05"]
[SourceQuality "1"]

1. c4 b5 2. b3 Nf6 3. Bb2 e6 4. Nf3 Bb7 5. d3 Bb4+ 6. Nc3 d5 7. a3 Bd6 8. Nxb5 0-0 9. e3 Re8 10. cxd5 exd5 11. Be2 Nc6 12. Rc1 a6 13. Nbd4 Nxd4 14. Nxd4 c5 15. Nf5 Rc8 16. 0-0 Bb8 17. Bg4 Qc7 18. f4 Qc6 19. b4 d4 20. Bf3 Qd7 21. Bg4 Qc6 22. e4 Nxe4 23. dxe4 Qxe4 24. Bf3 Qxf4 25. Ng3 Bxf3 26. Rxf3 Qg5 27. bxc5 Rxc5 28. Rxc5 Qxc5 29. Qxd4 Qg5 30. Qd7 Rf8 31. Qf5 Qd2 32. Bxg7 Qe1+ 33. Rf1 Qe3+ 34. Kh1 Kxg7 35. Qf6+ Kg8 36. Nf5 Be5 37. Ne7# 1-0